Determinantes básicos de la política exterior de El Salvador a partir de la situación de crisis 1979-1985 /
Gespeichert in:
| Körperschaften: | , |
|---|---|
| Format: | Text |
| Veröffentlicht: |
San Salvador:
Universidad de El Salvador
|
| Tags: |
Tag hinzufügen
Keine Tags, Fügen Sie den ersten Tag hinzu!
|
MARC
| LEADER | 00000 a a2200000 04500 | ||
|---|---|---|---|
| 001 | 24522 | ||
| 003 | |||
| 040 | |a CRAI/IIS |c CRAI/IIS | ||
| 090 | |a 176100 | ||
| 110 | |a CSUCA | ||
| 245 | |a Determinantes básicos de la política exterior de El Salvador a partir de la situación de crisis 1979-1985 / |c CSUCA | ||
| 260 | |a San Salvador: |b Universidad de El Salvador | ||
| 300 | |a 57 p | ||
| 710 | |a Programa centroamericano de investigaciones | ||
| 999 | |c 3030 |d 3030 | ||
